| 000 | 01504cam a2200277 a 4500 | ||
|---|---|---|---|
| 001 | 4028591 | ||
| 003 | OSt | ||
| 005 | 20210309154947.0 | ||
| 008 | 971113m19959999ck ab b 001 0 spa | ||
| 020 | _a9586081257 (v. 2) | ||
| 040 |
_aDLC _cCO-JMCR _dDLC |
||
| 041 | 0 |
_aspa _beng |
|
| 082 | 0 | 4 |
_a574.526861 / _bR196c _223 |
| 100 | 1 |
_aRangel Ch., J. Orlando, _eautor _914616 |
|
| 245 | 1 | 0 |
_aColombia, diversidad biótica / _cJ. Orlando Rangel Ch., Petter David Lowy C., Mauricio Aguilar Puentes |
| 260 |
_aSantafé de Bogotá, D.C. : _bInstituto de Ciencias Naturales, Universidad Nacional de Colombia : _c1997. |
||
| 300 |
_a436 páginas : _bilustraciones, mapas y gráficos a blanco y negro ; _c24 cm. |
||
| 504 | _aIncludes bibliographical references. | ||
| 505 | 0 |
_rEl estudio de la vegetación en Colombia / _tThomas Van der Hammen , _tJ. Orlando Rangel-Ch. -- _rMétodos de estudio de la vegetación / _tJ. Orlando Rangel-Ch , _tAlejandro Velázquez -- _rTipos de vegetación en Colombia / _tJ. Orlando Rangel-Ch, _tPetter D. Lowy-C., _tMauricio Aguilar-P., _tAida Garzón- C. _rLa distribución de los tipos de vegetación en las regiones naturales de Colombia / _tJ. Orlando Rangel-Ch, _tPetter D. Lowy-C., _tMauricio Aguilar-P., |
|
| 546 | _aAbstracts also in English. | ||
| 650 | 1 | 4 |
_aBiodiversidad _zColombia. _914617 |
| 650 | 1 | 4 |
_aVegetación _zColombia _914618 |
| 700 | 1 |
_aLowy C., Petter David. _eautor _914619 |
|
| 700 | 1 |
_aAguilar Puentes, Mauricio. _eautor _914620 |
|
| 942 |
_2ddc _cBK |
||
| 999 |
_c7510 _d7510 |
||